Zákon Sarbanes-Oxley Act - jeho význam a požadavky kladené na veřejně obchodované společnosti
Zásadné zmeny zaznamenáva svetové výkazníctvo v posledných rokoch. Nový regulačný rámec primiesol americký zákon Sarbanes Oxley Act označovaný skratkou SOX. Vznik a obsah zákona Sarbanex Oxley Act. Zákon obsahuje predpisy a nariadenia, ktoré majú obnoviť dôveru investorov, zlepšiť procesy corporate...
Guardado en:
| Autor principal: | |
|---|---|
| Formato: | Capítulo de libro |
| Lenguaje: | checo |
| Materias: | |
| Etiquetas: |
Sin Etiquetas, Sea el primero en etiquetar este registro!
|
MARC
| LEADER | 00000naa$a2200000$$$4500 | ||
|---|---|---|---|
| 001 | 0046117 | ||
| 005 | 20230925085548.0 | ||
| 041 | 0 | |a cze | |
| 044 | |a CZ | ||
| 245 | 1 | 0 | |a Zákon Sarbanes-Oxley Act - jeho význam a požadavky kladené na veřejně obchodované společnosti |c Jana Markovičová |
| 520 | |a Zásadné zmeny zaznamenáva svetové výkazníctvo v posledných rokoch. Nový regulačný rámec primiesol americký zákon Sarbanes Oxley Act označovaný skratkou SOX. Vznik a obsah zákona Sarbanex Oxley Act. Zákon obsahuje predpisy a nariadenia, ktoré majú obnoviť dôveru investorov, zlepšiť procesy corporate governance, správy a riadenia spoločností a zaručiť integritu účtovnej závierky a účtovného výkazníctva. | ||
| 610 | 2 | 0 | |a výkazníctvo finančné |
| 610 | 2 | 0 | |a výkazníctvo účtovné |
| 610 | 2 | 0 | |a spoločnosti obchodné |
| 610 | 2 | 0 | |a spoločnosti v.o.s. |
| 610 | 2 | 0 | |a zákony |
| 610 | 2 | 0 | |a účtovníctvo |
| 610 | 2 | 0 | |a zodpovednosť organizácie |
| 610 | 2 | 0 | |a závierka účtovná |
| 100 | 1 | |a Markovičová, Jana | |